000 00206nam a22000857a 4500
001 1236367
005 20251001163729.0
245 _aGEVREKÇİİİ
_cHACE KILCIOĞLU
260 _bGÜNIŞIĞI KİTAPLIĞI YAYINLARI
999 _c1236367
_d1236367